ARRUPE JESUIT UNIVERSITY

CORONAVIRUS -STOP THE SPREAD - CLEAN,DISINFECT,COVER

Pragmatism and the meaning of truth (Record no. 27645)

MARC details
000 -LEADER
fixed length control field 00463nam a2200181Ia 4500
003 - CONTROL NUMBER IDENTIFIER
control field 0100
005 - DATE AND TIME OF LATEST TRANSACTION
control field 20170802075733.0
008 - FIXED-LENGTH DATA ELEMENTS--GENERAL INFORMATION
fixed length control field 130303s9999 xx 000 0 und d
040 ## - CATALOGING SOURCE
Transcribing agency ARRUPELIB
050 ## - LIBRARY OF CONGRESS CALL NUMBER
Classification number B832.J21978
100 ## - MAIN ENTRY--PERSONAL NAME
Personal name James, William
9 (RLIN) 29089
245 ## - TITLE STATEMENT
Title Pragmatism and the meaning of truth
245 ## - TITLE STATEMENT
Remainder of title A new name for some old ways of thinking
260 ## - PUBLICATION, DISTRIBUTION, ETC. (IMPRINT)
Name of publisher, distributor, etc Harvard University Press
Place of publication, distribution, etc Massachusetts
Date of publication, distribution, etc 1978
300 ## - PHYSICAL DESCRIPTION
Extent 369p
700 ## - ADDED ENTRY--PERSONAL NAME
Personal name William James
9 (RLIN) 34288
942 ## - ADDED ENTRY ELEMENTS (KOHA)
Source of classification or shelving scheme Library of Congress Classification
Koha item type Monograph ( Printed materials)
Holdings
Withdrawn status Lost status Source of classification or shelving scheme Damaged status Not for loan Collection code Home library Current library Shelving location Date acquired Total Checkouts Full call number Barcode Date last seen Date checked out Copy number Price effective from Koha item type
    Library of Congress Classification     Main Collection ARRUPE LIBRARY ARRUPE LIBRARY   04/03/2013 1 B832.J21978 46003007426 09/04/2019 27/03/2019 1 04/03/2013 Monograph ( Printed materials)

 

Arrupe Library. PO Box MP320 Mt Pleasant, Harare, Zimbabwe
263 242 745411|librarian@aju.ac.zw